Príručka ku kombajnom SK-5 a SK-6

Bibliographic Details
Main Author: Portnov, Michail Naumovič (Author)
Other Authors: Meleg, Ján (Translator)
Format: Book
Language:Slovak
PhysicalDescription:211, [5] s.
Published: Bratislava Príroda 1976
Edition:1. vyd.
Subjects:

MARC

LEADER 00000nam a2200000 a 4500
001 vtls008257655
003 SK-MaSNL
005 20260302074107.0
008 251031s1976 xo 000 0 slo
035 |a SVKPOKN069134 
040 |a SNK  |b slo  |c SNK  |e AACR2 
041 0 |a slo 
044 |a xo  |c SK 
080 |a 631.354  |2 1981 
100 1 |a Portnov, Michail Naumovič  |4 aut  |9 739295 
240 1 0 |a Spravočnik po kombajnam SK-5 i SK-6  |l Slovensky 
245 1 0 |a Príručka ku kombajnom SK-5 a SK-6  |c Michail Naumovič Portnov; Ján Meleg 
250 |a 1. vyd. 
260 |a Bratislava  |b Príroda  |c 1976  |e Bratislava  |f Kníhtlačiareň Svornosť 
300 |a 211, [5] s. 
650 0 7 |a obilné kombajny  |2 SNKPH  |9 28857 
655 7 |a príručky  |2 SNKPH  |9 74364 
700 1 |a Meleg, Ján  |4 trl  |9 328897 
958 |a OND 
999 |c 1163680  |d 1165610 
952 |a SNK  |b SNK  |y VYP  |7 0  |p 17A1077657  |o snkSC 39162 D1  |i snkKSP 4950/76  |3 rekatalogizácia  |0 0  |1 0  |4 0  |d 2014-12-11  |l 0  |r 2026-02-24 20:40:58  |w 2026-02-24